О религии (Запись № 9210389)
[ простой вид ]
| 000 -МАРКЕР | |
|---|---|
| контрольное поле | 02601nam0a22002771 4500 |
| 001 - ИДЕНТИФИКАТОР ЗАПИСИ | |
| контрольное поле | rc\4035687 |
| 005 - ИДЕНТИФИКАТОР ВЕРСИИ | |
| контрольное поле | 20130415134707.1 |
| 021 ## - НОМЕР ГОСУДАРСТВЕННОЙ РЕГИСТРАЦИИ | |
| Код страны | Российская Федерация |
| Номер | [55-1574] |
| 035 ## - ДРУГИЕ СИСТЕМНЫЕ НОМЕРА | |
| Идентификатор записи | (NLR Aleph) 008095432 |
| 100 ## - ДАННЫЕ ОБЩЕЙ ОБРАБОТКИ | |
| Данные общей обработки | 20130415d1954 |||y0rusy50 ca |
| 101 0# - ЯЗЫК РЕСУРСА | |
| Язык текста, звукозаписи и т.д. | русский |
| 102 ## - СТРАНА ПУБЛИКАЦИИ ИЛИ ПРОИЗВОДСТВА | |
| Страна публикации | Российская Федерация |
| 105 ## - ПОЛЕ КОДИРОВАННЫХ ДАННЫХ: ТЕКСТОВЫЕ МАТЕРИАЛЫ, МОНОГРАФИЧЕСКИЕ | |
| Кодированные данные о монографическом текстовом документе | y z ||||| |
| 200 1# - ЗАГЛАВИЕ И СВЕДЕНИЯ ОБ ОТВЕТСТВЕННОСТИ | |
| Основное заглавие | О религии |
| Сведения, относящиеся к заглавию | [Сборник] |
| Первые сведения об ответственности | Ин-т Маркса-Энгельса-Ленина-Сталина при ЦК КПСС |
| 210 ## - ПУБЛИКАЦИЯ, РАСПРОСТРАНЕНИЕ И ДР. | |
| Место издания, распространения и т.д. | Москва |
| Имя издателя, распространителя и т. д. | Госполитиздат |
| Дата издания, распространения и т.д. | 1954 |
| 215 ## - ФИЗИЧЕСКАЯ ХАРАКТЕРИСТИКА | |
| Специфическое обозначение материала и объем | 80 с. |
| Размеры | 20 |
| 327 1# - ПРИМЕЧАНИЯ О СОДЕРЖАНИИ | |
| Текст примечания | Содерж.: Социализм и религия; Лев Толстой, как зеркало русской революции; Об отношении рабочей партии к религии; Классы и партии в их отношении к религии и церкви; А.М. Горькому. Ноябрь 1913 г.; А.М. Горькому. Декабрь 1913 г.; Речь на I Всероссийском съезде работниц 19 ноября 1918 г.; Из "Проекта программы РКП (б)". Пункт программы в области религиозных отношений; Задачи союзов молодежи: (Речь на III Всерос. съезде Рос. Коммунистич. Союза Молодежи). 2 окт. 1920 г.; Из статьи "О значении воинствующего материализма" |
| 464 #0 - АНАЛИТИЧЕСКИЙ УРОВЕНЬ | |
| Встроенное поле | 2001#$aСоциализм и религия$aЛев Толстой, как зеркало русской революции$aОб отношении рабочей партии к религии$aКлассы и партии в их отношении к религии и церкви$aА.М. Горькому. Ноябрь 1913 г.$aА.М. Горькому. Декабрь 1913 г.$aРечь на I Всероссийском съезде работниц 19 ноября 1918 г.$aПункт программы в области религиозных отношений$eИз "Проекта программы РКП(б)"$aЗадачи союзов молодежи$e(Речь на III Всерос. съезде Рос. Коммунистич. Союза Молодежи). 2 окт. 1920 г.$aО значении воинствующего материализма$eИз статьи |
| 606 ## - НАИМЕНОВАНИЕ ТЕМЫ КАК ПРЕДМЕТ | |
| Наименование темы | Религия |
| Код системы | psbo |
| 700 #1 - ИМЯ ЛИЦА - ПЕРВИЧНАЯ ОТВЕТСТВЕННОСТЬ | |
| Начальный элемент ввода | Ленин |
| Часть имени, кроме начального элемента ввода | В. И. |
| Расширение инициалов личного имени | Владимир Ильич |
| 801 #0 - ИСТОЧНИК ЗАПИСИ | |
| Страна | Российская Федерация |
| Организация | NLR |
| Правила каталогизации | psbo |
| 801 #1 - ИСТОЧНИК ЗАПИСИ | |
| Страна | Российская Федерация |
| Организация | ELAR |
| Источник данных | rusmarc |
| 852 ## - МЕСТОНАХОЖДЕНИЕ И ШИФР ХРАНЕНИЯ | |
| Идентификатор организации | NLR |
| Шифр хранения (Call Number) | Л 1-Сб/207-1 |
| 942 ## - ДОПОЛНИТЕЛЬНЫЕ ЭЛЕМЕНТЫ ЗАПИСИ (АБИС) | |
| Тип экземпляра АБИС | Книга |
| 980 ## - КОЛЛЕКЦИЯ | |
| Название коллекции | Национальная библиография |
| Тип экземпляра | Дата поступления | Библиотека постоянного хранения | Библиотека текущего хранения | Место хранения | Шифр хранения | Штрих-код | Статус экземпляра |
|---|---|---|---|---|---|---|---|
| Книга | 26.10.2013 | РНБ (Садовая) | РНБ (Садовая) | Русский книжный фонд -Главное здание, Ленинский читальный зал | Л 1-Сб/207-1 | 8095432-10 |